[Event "Calcutta"]
[Site "Calcutta"]
[Date "1992.??.??"]
[Round "10"]
[White "Saravanan, V."]
[Black "Ravi, Lanka"]
[Result "1/2-1/2"]
[WhiteElo "2355"]
[BlackElo "2370"]

1.e4 e6 2.d4 d5 3.Nc3 Nf6 4.e5 Nfd7 5.f4 c5 6.Nf3 Nc6 7.Be3 cxd4 8.Nxd4 Bc5
9.Qd2 Nxd4 10.Bxd4 Bxd4 11.Qxd4 Qb6 12.Qxb6 Nxb6 13.Nb5 Ke7 14.b3 Bd7 15.Nd4 Bc6
16.O-O-O Nd7 17.Bd3 g5 18.f5 Nxe5 19.Rhe1 Kd6 20.fxe6 fxe6 21.c4 Rae8 22.Bc2 Nf7
23.b4 Nd8 24.c5+ Kc7 25.Re5 Rhg8 26.Rde1 Bd7 27.Bxh7 Rh8 28.Bc2 Reg8 29.h3 g4
30.R5e3 gxh3 31.Rxh3 Rxh3 32.gxh3 Rh8 33.Rh1 e5 34.Nf5 Nc6 35.a3 e4 36.Ne3 Ne7
37.Rd1 Bc6 38.Bb3 Rh5 39.a4 Rxh3 40.Nxd5+ Nxd5 41.Bxd5 Bxa4 42.Rg1 e3 43.Rg7+ Bd7
44.Bxb7 e2 45.Kd2 Re3  1/2-1/2

[Event "Caciulata"]
[Site "Calimanesti"]
[Date "1992.??.??"]
[Round "?"]
[White "Lanka, Zigurds"]
[Black "Lupu, Mircea Sergiu"]
[Result "1-0"]
[WhiteElo "2490"]
[BlackElo "2415"]

1.e4 e6 2.d4 d5 3.Nc3 Nf6 4.e5 Nfd7 5.Nce2 c5 6.c3 Nc6 7.f4 Be7 8.Nf3 O-O
9.a3 a5 10.Ng3 f5 11.Bd3 cxd4 12.cxd4 Nb6 13.Ne2 a4 14.O-O Na5 15.Kh1 Bd7
16.Rg1 Nb3 17.Rb1 Rc8 18.Be3 Nc4 19.Bf2 Be8 20.h3 Bh5 21.g4 Bg6 22.gxf5 Bxf5
23.Bxf5 Rxf5 24.Rg4 Qf8 25.Qd3 Rh5 26.Ng3 Rxh3+ 27.Kg2 Rxg3+ 28.Rxg3 Qf5
29.Qxf5 exf5 30.Kh1 g6 31.Be1 b5 32.Kg1 Nb6 33.Rg2 Rc4 34.Rd1 Nd7 35.Re2 Nf8
36.e6 Rc6 37.Ne5 Rc7 38.Bc3 Kg7 39.Nd3 Kf6 40.Re5 Nxe6 41.Rxd5 Rb7 42.Re1 Kf7
43.Ne5+ Kf6 44.Rd7 Rxd7 45.Nxd7+ Kf7 46.Ne5+ Kf6 47.Nc6  1-0

[Event "JUG-chT"]
[Site "Cetinje"]
[Date "1992.??.??"]
[Round "?"]
[White "Pihajlic, Amalija"]
[Black "Vuksanovic, Sanja"]
[Result "0-1"]
[WhiteElo "2080"]
[BlackElo "2270"]

1.e4 e6 2.Nc3 d5 3.d4 Nf6 4.e5 Nfd7 5.Nf3 c5 6.dxc5 Bxc5 7.Bd3 h6 8.O-O Nc6
9.Qe2 a6 10.a3 Qc7 11.Re1 Nd4 12.Nxd4 Bxd4 13.Qg4 Bxc3 14.bxc3 Qxc3 15.Bf4 g5
16.Bg3 Nc5 17.f4 Nxd3 18.cxd3 Qd4+ 19.Kh1 Bd7 20.Qf3 O-O-O 21.fxg5 hxg5 22.Bf2 Qf4
23.Qxf4 gxf4 24.Bb6 Rdg8 25.Rf1 Rh4 26.Rf3 d4 27.Bxd4 Bc6 28.Rc1 Kd7 29.Bb6 Rgh8
30.Kg1 Rxh2 31.Kf2 R8h4 32.Rc4 Bxf3 33.Rc7+ Ke8 34.Rc8+ Ke7 35.Kxf3 Rh1 36.Rc7+ Kf8
37.Rxb7 Rf1+ 38.Ke2 Rhh1 39.Bc5+ Kg7 40.Ra7 Re1+ 41.Kf3 Rhf1+ 42.Kg4 Re2
43.Kh3 Kg6 44.Bd4 Rd1  0-1

[Event "JUG-chT"]
[Site "Cetinje"]
[Date "1992.??.??"]
[Round "?"]
[White "Markovic, Miroslav"]
[Black "Saric, Igor"]
[Result "0-1"]
[WhiteElo "2500"]
[BlackElo "2270"]

1.e4 e6 2.d4 d5 3.Nc3 Nf6 4.e5 Nfd7 5.Nce2 c5 6.c3 b5 7.f4 Qb6 8.a3 cxd4
9.Nxd4 a6 10.Ngf3 Nc6 11.Be3 Nxd4 12.Nxd4 Qc7 13.Bd3 Nc5 14.Bc2 g6 15.O-O h5
16.Qf3 Bb7 17.Qh3 Ne4 18.Nxe6 fxe6 19.Bxe4 dxe4 20.Qxe6+ Qe7 21.Qxg6+ Qf7
22.Qxf7+ Kxf7 23.f5 Rc8 24.b4 Bh6 25.Bd4 Rhd8 26.Rad1 Rxd4 27.cxd4 Bd5 28.f6 Rc2
29.Rfe1 e3 30.Rc1 Rxg2+ 31.Kf1 Rf2+ 32.Kg1 Bf4 33.Rc7+  0-1

[Event "JUG-chT"]
[Site "Cetinje"]
[Date "1992.??.??"]
[Round "?"]
[White "Maric, Mirjana"]
[Black "Saric, Natasa"]
[Result "1-0"]
[WhiteElo "2255"]
[BlackElo "2085"]

1.e4 e6 2.d4 d5 3.Nc3 Nf6 4.e5 Nfd7 5.f4 c5 6.Nf3 Nc6 7.Be3 cxd4 8.Nxd4 Bc5
9.Qd2 Nxd4 10.Bxd4 Bxd4 11.Qxd4 Qb6 12.O-O-O Qxd4 13.Rxd4 Nb8 14.Nb5 Nc6
15.Rd2 Ke7 16.Be2 Bd7 17.Nd4 Nxd4 18.Rxd4 Bc6 19.Re1 h5 20.Kb1 g6 21.Red1 Rac8
22.g3 Rc7 23.h3 Rhc8 24.c3 b5 25.Bf3 Bd7 26.Be2 Bc6 27.Rf1 Rb8 28.Rfd1 Rbc8
29.R1d2 Ke8 30.Bd1 Ke7 31.a3 Bd7 32.Ka2 Rc4 33.Be2 Rxd4 34.Rxd4 Rg8 35.Kb3 a5
36.Kc2 Rh8 37.h4 Rc8 38.Kd2 Rb8 39.Ke3 Bc6 40.Bf3 Rc8 41.Be2 Rb8 42.Bd1 Bd7
43.Rd2 Rc8 44.Be2 Bc6 45.Kd4 Bd7 46.Bd3 Rc7 47.Rd1 Rc8 48.Rh1 Rc7 49.Rg1 Rc8
50.Be2 b4 51.axb4 axb4 52.cxb4 Rc2 53.Bd3 Rxb2 54.Rb1 Rxb1 55.Bxb1 Kd8 56.Kc5 Kc7
57.Bd3 Bc6 58.Ba6 Kd7 59.b5 Ba8 60.b6 Bc6 61.b7 Bxb7 62.Bxb7 Ke7 63.Ba6 Kd7
64.Bb5+ Ke7 65.Kc6 Ke8 66.Kd6+ Kf8 67.Kd7 Kg7 68.Ke7 d4 69.Kd6 Kf8 70.Kc5 Ke7
71.Kxd4 f6 72.Kc5  1-0

[Event "JUG-chT"]
[Site "Cetinje"]
[Date "1992.??.??"]
[Round "?"]
[White "Tseshkovsky, Vitaly"]
[Black "Dolmatov, Sergey"]
[Result "1/2-1/2"]
[WhiteElo "2510"]
[BlackElo "2610"]

1.e4 e6 2.d4 d5 3.Nc3 Nf6 4.e5 Nfd7 5.Nce2 c5 6.c3 Qb6 7.f4 Be7 8.Nf3 f6
9.a3 a5 10.f5 cxd4 11.Nexd4 Nxe5 12.Nxe5 fxe5 13.Qh5+ Kd8 14.Nxe6+ Bxe6 15.fxe6 Qxe6
16.g3 Nc6 17.Bh3 Qg6 18.Qxg6 hxg6 19.Bg2 d4 20.Be4 g5 21.O-O Bf6 22.Bd2 Kc7
23.Rac1 Kb6 24.Rf5 Rad8 25.Bxg5 Bxg5 26.Rxg5 dxc3 27.bxc3 Rd7 28.a4 Kc5 29.Rg4 Na7
30.Bf5 Rc7 31.Bd3 Nc8 32.Re1 Re8 33.Bb5 Ree7 34.Rg5 Kd5 35.Rd1+ Kc5 36.h4 Na7
37.Bf1 b5 38.Rg4 Kb6 39.Re1 Rxc3 40.Bxb5 Kc5 41.Bf1 e4 42.Rg5+ Kd6 43.Rg6+ Kc5  1/2-1/2

[Event "CSR-chT"]
[Site "CSR"]
[Date "1992.??.??"]
[Round "?"]
[White "Safyanovsky, Mark"]
[Black "Cibulka, Vladimir"]
[Result "1/2-1/2"]
[WhiteElo "2340"]
[BlackElo "2280"]

1.d4 e6 2.e4 d5 3.Nc3 Nf6 4.e5 Ne4 5.Nxe4 dxe4 6.Be3 c5 7.dxc5 Nd7 8.Qg4 Qa5+
9.Bd2 Qxc5 10.Qxe4 Qxe5 11.Qxe5 Nxe5 12.Bc3 Nc6 13.a3 Bd7 14.O-O-O O-O-O
15.f4 f6 16.Nf3 Bc5 17.Bc4 Be3+ 18.Bd2 Bxd2+ 19.Rxd2 Rhe8 20.Re1 Re7 21.Rde2 Rde8
22.b4 a6 23.Bd3 g6 24.Be4 Kc7 25.Re3 e5 26.Bxc6 Bxc6 27.fxe5 fxe5 28.g3 Bxf3
29.Rxf3 Kd6 30.Kd2 Rc8 31.Rd3+ Ke6 32.Re4 b5 33.c3 Kf5 34.Rde3 Rd7+ 35.Kc2 Rd5
36.g4+ Ke6 37.Kb3 Rf8 38.c4 bxc4+ 39.Kxc4 Kd6 40.h3 Rf1 41.Kb3 Rfd1 42.Rc4 R1d3+
43.Rc3 R3d4 44.Rc4 Rd3+ 45.Rc3 R3d4  1/2-1/2

[Event "EU-chT (Women)"]
[Site "Debrecen"]
[Date "1992.??.??"]
[Round "1"]
[White "Grabics, Monika"]
[Black "Maric, Mirjana"]
[Result "1-0"]
[WhiteElo "2145"]
[BlackElo "2255"]

1.e4 e6 2.d4 d5 3.Nc3 Nf6 4.e5 Nfd7 5.f4 c5 6.Nf3 Nc6 7.Be3 cxd4 8.Nxd4 Bc5
9.Qd2 a6 10.O-O-O Bxd4 11.Bxd4 b5 12.h4 b4 13.Ne2 a5 14.Rh3 O-O 15.h5 Ba6
16.Rg3 Qe7 17.Qe3 Nxd4 18.Nxd4 f5 19.exf6 Rxf6 20.Bxa6 Rxa6 21.f5 Nf8 22.Qd3 Qd6
23.fxe6 Nxe6 24.Nxe6 Rxe6 25.Rf3 Re8 26.g4 Raa8 27.Qb5 Qe6 28.Qb7 Rac8 29.b3 h6
30.Rff1 Qxg4 31.Rg1 Qf4+ 32.Kb1 Qf7 33.Qb6 a4 34.Qxh6 Re6 35.Qd2 Qxh5 36.Qd4 Re5
37.Rh1  1-0

[Event "EU-chT (Women)"]
[Site "Debrecen"]
[Date "1992.??.??"]
[Round "5"]
[White "Arakhamia, Ketevan"]
[Black "Repkova Eid, Eva"]
[Result "1-0"]
[WhiteElo "2435"]
[BlackElo "2250"]

1.e4 e6 2.d4 d5 3.Nc3 Nf6 4.e5 Nfd7 5.Nce2 c5 6.c3 Nc6 7.f4 b5 8.a3 Qb6 9.Nf3 Be7
10.f5 cxd4 11.cxd4 b4 12.fxe6 fxe6 13.Nf4 bxa3 14.bxa3 O-O 15.Bd3 Nxd4 16.Nxd4 Nxe5
17.Be3 Qa5+ 18.Qd2 Qxd2+ 19.Kxd2 Nxd3 20.Nxd3 Bf6 21.Nc5 e5 22.Nf3 d4 23.Bf2 Bf5
24.Rhe1 Rab8 25.Ne4 Rb2+ 26.Kc1 Rfb8 27.Nfd2 d3 28.h3 Rc2+ 29.Kd1 Rbb2 30.Bxa7 Bh4
31.Rf1 Bxe4 32.Nxe4 Re2 33.g3 Be7 34.Rf2 Bxa3 35.Bc5 Rxf2 36.Bxf2 Bb4 37.Bc5 Bxc5
38.Nxc5 Rg2 39.Ra8+ Kf7 40.g4 Rg3 41.Ra7+ Kg6 42.Ra6+ Kf7 43.Ne4 Re3 44.Nd6+  1-0

[Event "EU-chT (Men)"]
[Site "Debrecen"]
[Date "1992.??.??"]
[Round "5"]
[White "Rayner, Francis"]
[Black "Daly, Colm"]
[Result "1/2-1/2"]
[WhiteElo "2270"]
[BlackElo "2225"]

1.e4 e6 2.d4 d5 3.Nc3 Nf6 4.e5 Nfd7 5.f4 c5 6.Nf3 Nc6 7.Be3 cxd4 8.Nxd4 Bc5
9.Qd2 O-O 10.Be2 a6 11.O-O Nxd4 12.Bxd4 Qb6 13.Bxc5 Qxc5+ 14.Kh1 b5 15.Bd3 Nb6
16.b3 Bb7 17.Ne2 Nc4 18.Qc3 b4 19.Qd4 Qxd4 20.Nxd4 Nd2 21.Rfd1 Ne4 22.Bxe4 dxe4
23.a3 bxa3 24.Rxa3 Rfd8 25.Kg1 f6 26.Raa1 Kf7 27.f5 Bc8 28.Nxe6 Bxe6 29.fxe6+ Kxe6
30.Rxd8 Rxd8 31.exf6 gxf6 32.Rxa6+ Ke5 33.Kf2 Rd1 34.Ke3 Re1+ 35.Kf2 Rc1
36.Rc6 f5 37.g3 h5 38.Rc5+ Kf6 39.b4 Rh1 40.h4 Rh2+ 41.Ke3 Rg2 42.Rc6+ Ke5
43.Rc5+ Ke6 44.b5 Rxg3+ 45.Kd4 Rg1 46.Rc6+ Kd7 47.Rf6 Rd1+ 48.Ke3  1/2-1/2

[Event "EU-chT (Women)"]
[Site "Debrecen"]
[Date "1992.??.??"]
[Round "6"]
[White "Hund, Barbara"]
[Black "Guindy, Esmat"]
[Result "1-0"]
[WhiteElo "2300"]
[BlackElo "2045"]

1.e4 e6 2.d4 d5 3.Nc3 Nf6 4.e5 Nfd7 5.Nce2 c5 6.c3 Nc6 7.f4 Qb6 8.Nf3 cxd4
9.cxd4 Bb4+ 10.Bd2 f6 11.Bxb4 Qxb4+ 12.Qd2 Nb6 13.Nc3 a6 14.b3 Bd7 15.Be2 Rc8
16.Nd1 Kf7 17.Ne3 Rhd8 18.g4 Qxd2+ 19.Kxd2 Na7 20.h4 Nb5 21.Rac1 Rxc1 22.Rxc1 Rc8
23.Rxc8 Nxc8 24.Bd3 g6 25.a4 Nba7 26.exf6 Kxf6 27.g5+ Kg7 28.Ng4 Ne7 29.Nf6 Bc6
30.h5 h6 31.Ne5 hxg5 32.fxg5 gxh5 33.Nxh5+ Kg8 34.g6 Nac8 35.Nf4  1-0

[Event "EU-chT (Men)"]
[Site "Debrecen"]
[Date "1992.??.??"]
[Round "7"]
[White "Nijboer, Friso"]
[Black "Supatashvili, Khvicha"]
[Result "1/2-1/2"]
[WhiteElo "2455"]
[BlackElo "2450"]

1.e4 e6 2.d4 d5 3.Nc3 Nf6 4.e5 Nfd7 5.f4 c5 6.Nf3 Nc6 7.Be3 cxd4 8.Nxd4 Bc5
9.Qd2 a6 10.O-O-O O-O 11.h4 Qc7 12.Rh3 Nxd4 13.Bxd4 b5 14.h5 b4 15.Na4 Bxd4
16.Qxd4 a5 17.Bb5 Qa7 18.a3 f6 19.Bxd7 Qxd4 20.Rxd4 Bxd7 21.Nb6 fxe5 22.fxe5 Ra7
23.Nxd7 Rxd7 24.axb4 axb4 25.Rxb4 Rdf7 26.Rb6 Rf1+ 27.Kd2 R1f2+ 28.Kd3 Rxg2
29.Rxe6 Rff2 30.c3 Rd2+ 31.Ke3 Rge2+ 32.Kf3 Kf7 33.Ra6 Rxe5 34.Ra7+ Kf6 35.Rh4 Rxb2
36.Rf4+ Rf5 37.Rxf5+ Kxf5 38.Rxg7 Rb3 39.Rxh7 Rxc3+ 40.Ke2 Rh3 41.h6  1/2-1/2

[Event "EU-chT (Men)"]
[Site "Debrecen"]
[Date "1992.??.??"]
[Round "8"]
[White "Lanka, Zigurds"]
[Black "Gausel, Einar"]
[Result "1-0"]
[WhiteElo "2490"]
[BlackElo "2445"]

1.e4 e6 2.d4 d5 3.Nc3 Nf6 4.e5 Nfd7 5.Nce2 c5 6.c3 Nc6 7.f4 b5 8.a3 a5 9.Nf3 Ba6
10.dxc5 Bxc5 11.b4 Ba7 12.Ned4 Nxd4 13.cxd4 Nb6 14.a4 Nc4 15.axb5 Bxb5 16.bxa5 O-O
17.Bd3 f5 18.O-O Qd7 19.Kh1 Rfb8 20.h3 Nb2 21.Bxb2 Bxd3 22.Qxd3 Rxb2 23.Rfb1 Rab8
24.Rxb2 Rxb2 25.Qa6 h6 26.Rc1 Kh7 27.Qc6 Qf7 28.Qc7 Qg6 29.Rg1 Bb8 30.Qc3 Rf2
31.Qe3 Rb2 32.Qa3 Rf2 33.Nh4 Qf7 34.Qg3 Rb2 35.Rc1 Ba7 36.Nf3 Qd7 37.Qe1 Qb7
38.Kh2 Ra2 39.Ra1 Rc2 40.Rb1 Qa6 41.Qg3 Qc8 42.Rb3 Ra2 43.Rb4 Rxa5 44.Nh4 Ra1
45.Qg6+ Kg8 46.Nf3 Ra2 47.h4 Ra3 48.h5 Ra2 49.Rb3 Qd7 50.Rd3 Bb6 51.Rb3 Ba7
52.Rb1 Qc6 53.Nh4 Qc8 54.Rb4 Qd7 55.Qg3 Qe7 56.Rb3 Ra4 57.Ng6 Qc7 58.Rb5 Bxd4
59.Qb3 Ra8 60.Rb7 Qd8 61.Qb4 Be3 62.Qc3 Ra7 63.Rxa7 Bxa7 64.Qc6 Kh7 65.Qxe6 Qb6
66.Qxb6 Bxb6 67.e6 Kg8 68.Ne7+ Kf8 69.Nxd5 Bf2 70.Kh3 Ke8 71.g4 fxg4+ 72.Kxg4 Bd4
73.Kf5 Kf8 74.Kg6 Ba1 75.f5 Bd4 76.f6 gxf6 77.Kxh6 f5 78.Kg5 f4 79.Nxf4 Ke8
80.Ng6  1-0

[Event "Dortmund op-A"]
[Site "Dortmund"]
[Date "1992.??.??"]
[Round "2"]
[White "Kummerow, Heiko"]
[Black "Zysk, Robert"]
[Result "0-1"]
[WhiteElo "2240"]
[BlackElo "2390"]

1.e4 e6 2.d4 d5 3.Nc3 Nf6 4.e5 Nfd7 5.f4 c5 6.dxc5 Bxc5 7.Qg4 O-O 8.Nf3 Nc6
9.Bd2 f5 10.Qh3 Be7 11.Bd3 Nc5 12.O-O-O d4 13.Ne2 Nxd3+ 14.cxd3 Qd5 15.Kb1 b6
16.g4 Ba6 17.Nc1 Rac8 18.Rhg1 Rc7 19.Rg3 Bb4 20.gxf5 Rxf5 21.Ng5 h6 22.Ne4 Kf8
23.Nf6 gxf6 24.Qxh6+ Ke8 25.Rg8+ Kd7 26.Qg6 Rc8 27.Rg7+ Be7 28.exf6 Qf3 29.fxe7 Re8
30.Re1 Bxd3+ 31.Nxd3 Qxd3+ 32.Ka1 Qxd2 33.Qxe6+ Kc7 34.Rg6 Na5 35.Qd6+ Kb7
36.Qd7+ Ka6 37.Rb1 Rxe7 38.Qc8+ Kb5 39.a4+ Kxa4 40.Rg3  0-1

[Event "Dortmund op-A"]
[Site "Dortmund"]
[Date "1992.??.??"]
[Round "8"]
[White "Ernst, Thomas"]
[Black "Bykhovsky, Avigdor"]
[Result "1/2-1/2"]
[WhiteElo "2535"]
[BlackElo "2475"]

1.e4 e6 2.d4 d5 3.Nc3 Nf6 4.e5 Nfd7 5.f4 c5 6.Nf3 Nc6 7.Be3 a6 8.Qd2 b5 9.dxc5 Bxc5
10.Bxc5 Nxc5 11.Bd3 Qb6 12.Qf2 Rb8 13.O-O Na4 14.Nxa4 bxa4 15.b3 Ke7 16.Rfb1 Bd7
17.c3 Qxf2+ 18.Kxf2 axb3 19.axb3 a5 20.Ke3 h6 21.Nd4 Rhc8 22.Nxc6+ Rxc6 23.Kd4 Rcb6
24.Rxa5 Rxb3 25.Rxb3 Rxb3 26.Ra7 Ke8 27.Bh7 Rb8 28.h4 h5 29.Bd3 g6 30.Ra2 Ke7
31.Be2 Rb1 32.Ra7 Rb2 33.Bf3 Ke8 34.f5 gxf5 35.Bxh5 Rxg2 36.Bxf7+ Ke7 37.h5 Rg4+
38.Kd3 Rg3+ 39.Kd2 Kxf7 40.Rxd7+ Ke8 41.Rh7 Rh3 42.h6 Kf8 43.Ke2 f4 44.Kf2 Re3
45.c4 dxc4 46.Rc7 Kg8 47.Rxc4  1/2-1/2

[Event "Dresden (Women)"]
[Site "Dresden"]
[Date "1992.??.??"]
[Round "?"]
[White "Ehrke, Anja"]
[Black "Karakashian, Narine"]
[Result "0-1"]
[WhiteElo "2200"]
[BlackElo "2025"]

1.e4 e6 2.d4 d5 3.Nc3 Nf6 4.e5 Nfd7 5.f4 c5 6.Nf3 Nc6 7.Be3 Be7 8.Qd2 a6
9.O-O-O b5 10.Kb1 Qa5 11.h4 b4 12.Ne2 c4 13.c3 Nb6 14.Qe1 Na4 15.Ka1 Rb8
16.Rb1 b3 17.Nc1 Ba3 18.bxa3 b2+ 19.Rxb2 Nxb2 20.Ne2 Nd3 21.Qd1 Qxa3 22.Bc1 Rb2  0-1

[Event "FRA-chT"]
[Site "?"]
[Date "1992.??.??"]
[Round "?"]
[White "Santo Roman, Marc"]
[Black "Relange, Eloi"]
[Result "1-0"]
[WhiteElo "2495"]
[BlackElo "2275"]

1.e4 e6 2.d4 d5 3.Nc3 Nf6 4.e5 Nfd7 5.f4 c5 6.Nf3 Nc6 7.Be3 a6 8.Qd2 b5 9.dxc5 b4
10.Na4 Qa5 11.b3 Nxc5 12.Nxc5 Bxc5 13.Qf2 Bxe3 14.Qxe3 Qc7 15.Bd3 Qa7 16.Qxa7 Rxa7
17.a3 bxa3 18.Rxa3 f6 19.h4 fxe5 20.Nxe5 Nxe5 21.fxe5 O-O 22.Rf1 Rd8 23.Kd2 Bb7
24.Rf4 Raa8 25.Rb4 Rd7 26.Rb6 Re8 27.Bxa6 Bxa6 28.Raxa6 Rf8 29.Rxe6 Rf2+
30.Kd3 Rxg2 31.Red6 Rc7 32.e6 Kf8 33.Rd7 Rg3+ 34.Kd4 Rxd7 35.exd7 Ke7 36.Rd6 Kd8
37.Kxd5 Rh3 38.c4 Rxb3 39.Kc6 Ra3 40.c5 Ra7 41.Rd4 g6 42.Kb6 Ra1 43.c6 Rb1+
44.Kc5 Rc1+ 45.Rc4 Rd1 46.Ra4 Rc1+ 47.Kd5 Rd1+ 48.Ke6 Kc7 49.Ra8  1-0

[Event "Fuerteventura op"]
[Site "Fuerteventura"]
[Date "1992.??.??"]
[Round "?"]
[White "Ponce, Hiram"]
[Black "Barredo Duran, Luis"]
[Result "1/2-1/2"]
[WhiteElo "2280"]
[BlackElo "2235"]

1.e4 e6 2.d4 d5 3.Nc3 Nf6 4.e5 Nfd7 5.f4 c5 6.Nf3 Nc6 7.Be3 a6 8.Qd2 b5 9.dxc5 Bxc5
10.Bxc5 Nxc5 11.Qf2 Qb6 12.Bd3 b4 13.Ne2 a5 14.O-O O-O 15.Kh1 f6 16.exf6 Rxf6
17.Qe3 Nd7 18.Qxb6 Nxb6 19.Ned4 Nxd4 20.Nxd4 Bd7 21.g3 Na4 22.b3 Nc5 23.a3 bxa3
24.Kg1 Rb8 25.Rfb1 Rb4 26.Nf3 a4  1/2-1/2

[Event "Gausdal Int"]
[Site "Gausdal"]
[Date "1992.??.??"]
[Round "2"]
[White "Heyken, Enno"]
[Black "Savchenko, Stanislav"]
[Result "0-1"]
[WhiteElo "2410"]
[BlackElo "2505"]

1.e4 e6 2.d4 d5 3.Nc3 Nf6 4.e5 Nfd7 5.Nce2 c5 6.c3 Nc6 7.f4 Qa5 8.Kf2 b5
9.Be3 b4 10.Nf3 Rb8 11.cxb4 Qxb4 12.b3 Be7 13.g3 O-O 14.dxc5 Nxc5 15.Ned4 Nxd4
16.Bxd4 Bd7 17.Kg2 a5 18.Be2 Ne4 19.Qc1 a4 20.bxa4 Qxa4 21.Qe3 Ba3 22.Bd1 Qa5
23.Bb3 Rfc8 24.Rhd1 Ba4 25.Rab1 Bc5 26.Bxc5 Bxb3 27.axb3 Rxc5 28.Kg1 Rc3
29.Qe1 Qc5+ 30.Nd4 Rb4 31.Ra1 h6 32.Ra4 Rbxb3 33.Kh1 Rb2  0-1

[Event "Troll Masters"]
[Site "Gausdal"]
[Date "1992.??.??"]
[Round "2"]
[White "Thorhallsson, Throstur"]
[Black "Calderwood, Stephen"]
[Result "1-0"]
[WhiteElo "2425"]
[BlackElo "2230"]

1.e4 e6 2.d4 d5 3.Nc3 Nf6 4.e5 Nfd7 5.f4 c5 6.Nf3 Nc6 7.Be3 cxd4 8.Nxd4 Bc5
9.Qd2 a6 10.O-O-O O-O 11.Kb1 Nxd4 12.Bxd4 b5 13.h4 Qc7 14.Rh3 Bb7 15.Rg3 b4
16.Na4 Bxd4 17.Qxd4 a5 18.b3 Bc6 19.Nb2 Rfc8 20.Rd2 Qa7 21.Qxa7 Rxa7 22.Bd3 Nc5
23.Re3 Rac7 24.Re1 Nxd3 25.Nxd3 Bb5 26.Nf2 Kf8 27.Nh3 Rc3 28.Ng5 h6 29.Nf3 Ke7
30.Nd4 Ba6 31.Rf2 Rg3 32.Rh1 Re3 33.h5 Re4 34.Rd1 Re3 35.Kb2 Rc5 36.Rdd2 Re4
37.Rf3 Rc8 38.a3 bxa3+ 39.Kxa3 Rc5 40.Kb2 Re1 41.Rg3 Kf8 42.Rf2 Kg8 43.Rc3 Rxc3
44.Kxc3 Bb7 45.Nf3 Re4 46.Nd4 Re1 47.Kb2 Re4 48.c3 Re1 49.Ka3 Rc1 50.Rf3 Ra1+
51.Kb2 Rg1 52.Rf2 Re1 53.Rc2 Rf1 54.g3 Rg1 55.Ne2 Re1 56.Ka3 Bc6 57.Nd4 Bd7
58.Ra2 Rb1 59.Rc2 Rg1 60.Ne2 Re1 61.Rd2 Bb5 62.Nd4 Bd7 63.c4 dxc4 64.Nc2 Rg1
65.Rxd7 cxb3 66.Kxb3 Rxg3+ 67.Kc4 Rg4 68.Rd4 Rh4 69.Kd3 Rxh5 70.Ne3 Rh4 71.Ke4 g5
72.Ng2 Rg4 73.Kf3 h5 74.Rd7 Kf8 75.Ra7 a4 76.Rxa4 f6 77.Ra8+ Kf7 78.Ra7+ Kg6
79.f5+ exf5 80.Ra6 Kf7 81.Rxf6+ Ke7 82.Ne3 Rf4+ 83.Kg2 Re4 84.Nd5+  1-0

[Event "Peer Gynt"]
[Site "Gausdal"]
[Date "1992.??.??"]
[Round "3"]
[White "Djurhuus, Rune"]
[Black "Heyken, Enno"]
[Result "1-0"]
[WhiteElo "2405"]
[BlackElo "2410"]

1.e4 e6 2.d4 d5 3.Nc3 Nf6 4.e5 Nfd7 5.f4 c5 6.Nf3 Nc6 7.Be3 b6 8.Bd3 Be7
9.O-O Bb7 10.Kh1 a6 11.Qd2 Qc7 12.b3 O-O-O 13.Qf2 h6 14.Na4 c4 15.bxc4 dxc4
16.d5 exd5 17.Bf5 Kb8 18.Nxb6 d4 19.Nxd7+ Rxd7 20.Nxd4 Rxd4 21.Bxd4 Nxd4
22.Qxd4 Rd8 23.Qf2 g5 24.Rab1 Ka8 25.Bg4 Bc5 26.Qe2 Ka7 27.Bf3 Bxf3 28.Qxf3 Rd7
29.Rfd1 Bb6 30.Rxd7 Qxd7 31.fxg5 hxg5 32.Rf1  1-0

[Event "Geneve op"]
[Site "Geneve"]
[Date "1992.??.??"]
[Round "9"]
[White "Atlas, Valeri"]
[Black "Landenbergue, Claude"]
[Result "1/2-1/2"]
[WhiteElo "2435"]
[BlackElo "2410"]

1.e4 e6 2.d4 d5 3.Nc3 Nf6 4.e5 Nfd7 5.f4 c5 6.Nf3 Nc6 7.Be3 a6 8.Qd2 cxd4
9.Nxd4 Bc5 10.O-O-O Bxd4 11.Bxd4 b5 12.Qe3 b4 13.Ne2 O-O 14.g4 a5 15.Ng3 Qh4
16.Bb5 Nxd4 17.Rxd4 f6 18.exf6 Qxf6 19.g5 Qf7 20.h4 Nb8 21.h5  1/2-1/2

[Event "Oberliga Nord N9192"]
[Site "Germany"]
[Date "1992.??.??"]
[Round "?"]
[White "Hansen, Mads Smith"]
[Black "Krause, Ullrich"]
[Result "1-0"]
[WhiteElo "2340"]
[BlackElo "2335"]

1.e4 e6 2.d4 d5 3.Nc3 Nf6 4.e5 Nfd7 5.f4 c5 6.Nf3 Nc6 7.Be3 a6 8.Qd2 b5 9.dxc5 b4
10.Na4 Qa5 11.Nb6 Nxb6 12.cxb6 Bc5 13.Bxc5 Qxc5 14.O-O-O Qxb6 15.Bd3 a5 16.Kb1 a4
17.b3 Ba6 18.f5 Bxd3 19.Qxd3 Qc5 20.Rhe1 exf5 21.e6 f6 22.Qxd5 Qxd5 23.Rxd5 axb3
24.cxb3 Rd8 25.Rb5 Rb8 26.Rxb8+ Nxb8 27.Nd4 g6 28.Rc1 O-O 29.Rc4 Rd8 30.Rxb4 Kf8
31.Kc2 Ke7 32.Kc3 Kd6 33.a4 Na6 34.Rb6+  1-0

[Event "Havana op"]
[Site "Havana"]
[Date "1992.??.??"]
[Round "?"]
[White "Herrera, Irisberto"]
[Black "Barredo, Luis"]
[Result "0-1"]
[WhiteElo "2320"]
[BlackElo "2235"]

1.e4 e6 2.d4 d5 3.Nc3 Nf6 4.e5 Nfd7 5.f4 c5 6.Nf3 Nc6 7.Be3 a6 8.Qd2 b5 9.dxc5 Bxc5
10.Bxc5 Nxc5 11.Qf2 Qb6 12.Bd3 Bd7 13.O-O O-O 14.Kh1 f6 15.exf6 Rxf6 16.Rae1 b4
17.Nd1 Raf8 18.Ng5 h6 19.Nh7 Rxf4 20.Nxf8 Rxf2 21.Rxf2 Ne7 22.Bh7+ Kh8 23.Ne3 Be8
24.Bd3 g6 25.Rfe2 Bf7 26.Ng4 Kg7 27.Ne5 Kxf8 28.Rf1 Nf5 29.g4 Kg7 30.gxf5 exf5
31.Bxf5 gxf5 32.Rxf5 Be8 33.Rg2+ Kh7 34.Ng4 Ne4 35.Re5 Bg6 36.Re7+ Kh8 37.Ne5 Nf2+
38.Kg1 Ng4+ 39.Kh1 Nxe5 40.Rxe5 Qd6  0-1

[Event "Havana op"]
[Site "Havana"]
[Date "1992.??.??"]
[Round "?"]
[White "Ponce, Hiram"]
[Black "Borges Mateos, Juan"]
[Result "0-1"]
[WhiteElo "2280"]
[BlackElo "2430"]

1.e4 e6 2.d4 d5 3.Nc3 Nf6 4.e5 Nfd7 5.f4 c5 6.Nf3 Nc6 7.Be3 Be7 8.Qd2 a6
9.dxc5 Nxc5 10.Bd3 b5 11.Qf2 d4 12.Nxd4 Nxd3+ 13.cxd3 Nxd4 14.Bxd4 Bb7 15.O-O O-O
16.Ne4 Rc8 17.Rac1 Qd5 18.Bc5 Bxc5 19.Nxc5 Ba8 20.b4 f6 21.exf6 Rxf6 22.Ne4 Rff8
23.Rxc8 Rxc8 24.Nc5 a5 25.a3 Rf8 26.Qe2 axb4 27.axb4 Qd4+ 28.Kh1 Qxb4 29.Nxe6 Re8
30.Qa2 Qa4 31.Qxa4 bxa4 32.Nc7 Rc8 33.Nxa8 Rxa8 34.Kg1 Kf7 35.Kf2 Ke6 36.Ke3 Kd5
37.Kd2 Kd4 38.Ra1 a3 39.g3 h5 40.Kc2 Rc8+ 41.Kb3 Rc3+ 42.Kb4 Rxd3 43.Rxa3 Rxa3
44.Kxa3 Ke4 45.Kb4 Kf3 46.Kc5 Kg2 47.Kd6 Kxh2 48.Ke7 Kxg3  0-1

[Event "HUN-chT"]
[Site "HUN"]
[Date "1992.??.??"]
[Round "?"]
[White "Almasi, Istvan"]
[Black "Csikar, Bruno"]
[Result "1/2-1/2"]
[WhiteElo "2350"]
[BlackElo "2240"]

1.e4 e6 2.d4 d5 3.Nc3 Nf6 4.e5 Nfd7 5.f4 c5 6.Nf3 Nc6 7.Be3 cxd4 8.Nxd4 a6
9.Qd2 Bc5 10.O-O-O O-O 11.Be2 Bxd4 12.Bxd4 b5 13.Kb1 Nxd4 14.Qxd4 Qb6 15.Qd2 Nc5
16.Bf3 Bb7 17.Ne2 b4 18.g4 Ne4 19.Bxe4 dxe4 20.Qd4 Qa5 21.Qe3 Bd5 22.Nc1 Rac8
23.Rhe1 Rc6 24.Rd2 Rfc8 25.Nb3 Qc7 26.Rc1 Rc4 27.Nd4 Rc3 28.Qe1 Qc4 29.Nb3 Rf3
30.Rd4 Qc7 31.Qxb4 a5 32.Qd6  1/2-1/2

[Event "HUN-chT"]
[Site "HUN"]
[Date "1992.??.??"]
[Round "?"]
[White "Magyar, Otto"]
[Black "Szilagyi, Peter"]
[Result "1-0"]
[WhiteElo "2270"]
[BlackElo "2415"]

1.e4 e6 2.d4 d5 3.Nc3 Nf6 4.e5 Nfd7 5.f4 c5 6.Nf3 Nc6 7.Be3 cxd4 8.Nxd4 Bc5
9.Qd2 a6 10.O-O-O Bxd4 11.Bxd4 b5 12.Qe3 b4 13.Na4 Nxd4 14.Qxd4 Qa5 15.b3 Bb7
16.Kb1 O-O 17.Bd3 Bc6 18.Nb2 f6 19.exf6 Rxf6 20.Rhe1 Qc7 21.Qxb4 Rxf4 22.Qe7 e5
23.Rf1 Rxf1 24.Rxf1 e4 25.Qe6+ Kh8 26.Be2 Nf8 27.Qf5 Qd6 28.g3 Ne6 29.Rd1 Qe7
30.Qe5 Qf6 31.Qd6 Bb7 32.Rf1 Qg6 33.Qb6 Rb8 34.Bxa6 e3 35.Bd3 Qe8 36.Qxe3 Qc6
37.Qf3 Qd6 38.Qf5 g6 39.Qf6+ Kg8 40.Qf7+ Kh8 41.Rf6 Bc8 42.Bxg6 Rb7 43.Qe8+ Kg7
44.Qxc8 Kxf6 45.Qxb7 hxg6 46.Nd3  1-0

[Event "HUN-chT"]
[Site "HUN"]
[Date "1992.??.??"]
[Round "11"]
[White "Czebe, Ivan"]
[Black "Horvath, Jozsef M"]
[Result "1/2-1/2"]
[WhiteElo "2265"]
[BlackElo "2225"]

1.e4 e6 2.d4 d5 3.Nc3 Nf6 4.e5 Nfd7 5.f4 c5 6.Nf3 Nc6 7.Be3 a6 8.Be2 b5 9.a3 Qb6
10.Qd2 Bb7 11.O-O cxd4 12.Nxd4 Bc5 13.Rad1 Rc8 14.Rf3 Nxd4 15.Bxd4 Bxd4+
16.Qxd4 Qxd4+ 17.Rxd4 Nb6 18.a4 bxa4 19.Rb4 Rc6 20.Nxa4 Nxa4 21.Rxb7 O-O
22.c3 Nc5 23.Ra7 g6 24.c4 dxc4 25.Bxc4 Rb8  1/2-1/2

[Event "HUN-chT"]
[Site "HUN"]
[Date "1992.??.??"]
[Round "14"]
[White "Grabics, Monika"]
[Black "Csikar, Bruno"]
[Result "0-1"]
[WhiteElo "2095"]
[BlackElo "2240"]

1.e4 e6 2.d4 d5 3.Nc3 Nf6 4.e5 Nfd7 5.f4 c5 6.Nf3 Nc6 7.Be3 cxd4 8.Nxd4 Bc5
9.Qd2 O-O 10.O-O-O a6 11.h4 Nxd4 12.Bxd4 b5 13.f5 Bxd4 14.Qxd4 Qb6 15.Qf4 b4
16.Na4 Qb8 17.Re1 f6 18.fxe6 Nxe5 19.Kb1 Bxe6 20.Nc5 Bf7 21.h5 Rc8 22.Nb3 Qc7
23.Nd4 Nc6 24.Qxc7 Rxc7 25.Nf5 Ne5 26.Be2 a5 27.Rhf1 a4 28.h6 Bg6 29.hxg7 Bxf5
30.Rxf5 Kxg7 31.g4 h6 32.Rd1 Ra5 33.Rh5 Rac5 34.Rd2 b3 35.c3 a3 36.axb3 axb2
37.Kxb2 Rxc3 38.Bf1 d4 39.Rdh2 Rb7 40.Rxh6 Rbxb3+ 41.Ka2 Nc6 42.Rh7+ Kf8
43.Rh8+ Ke7 44.Re2+ Kd6 45.Re1 Nb4+ 46.Ka1 Nc2+  0-1

[Event "Hyeres op"]
[Site "Hyeres"]
[Date "1992.??.??"]
[Round "?"]
[White "Lanka, Zigurds"]
[Black "Lempert, Igor"]
[Result "1/2-1/2"]
[WhiteElo "2520"]
[BlackElo "2430"]

1.e4 e6 2.d4 d5 3.Nc3 Nf6 4.e5 Nfd7 5.Nce2 c5 6.c3 Nc6 7.f4 b5 8.a3 cxd4
9.Nxd4 Nxd4 10.cxd4 b4 11.Qa4 a5 12.Nf3 Qb6 13.Bb5 Rb8 14.Bc6 Be7 15.Bd2 Qd8
16.axb4 Bxb4 17.Bxb4 Rxb4 18.Qxa5 Qxa5 19.Rxa5 Rxb2 20.Bxd7+ Kxd7 21.O-O Bb7
22.Rc1 h6 23.g4 Rc8 24.Rxc8 Kxc8 25.f5 Kc7 26.Rc5+ Kb6 27.f6 g6 28.Rc3 Bc6
29.g5 h5 30.Nh4 Ra2 31.Rf3 Ra8 32.Rb3+ Bb5 33.Rb2 Kc6 34.Rd2 Ra3 35.Rc2+ Kd7
36.Rb2 Kc6 37.Rc2+ Kd7 38.Rb2 Kc6  1/2-1/2